000 00255nam a2200109Ia 4500
008 220216s9999 xx 000 0 und d
100 _aCrawford Hunter
245 0 _aCattle rearing on estates
260 _bPlanter
_c1954
300 _a256-261
942 _cJS
999 _c55231
_d55231